01019cam a2200325 a 450000100090000000300040000900500170001300800410003001000170007102000250008802000220011303500240013504000490015904200140020805000260022210000230024824500440027124600250031524600230034024600250036326000850038830000200047349000130049350400620050652100080056865000230057665000350059965000250063465000340065915969914OSt20140311162956.0091102s2009 enk b 001 0 eng d a 2009279462 a9780230210288 (pbk.) a0230210287 (pbk.) a(OCoLC)ocn422665763 aSINIEcSINIEdSINIEdBWXdUATdOXFdOI@dDLC alccopycat00aPN 2193.A8b.F74 20091 aFreshwater, Helen.10aTheatre & audience /cHelen Freshwater.3 aTheatre and audience3 aTheater & audience3 aTheater and audience aHoundmills, Basingstoke, Hampshire, UK ;aNew York :bPalgrave Macmillan,c2009. a86 p. :c18 cm.0 aTheatre& aIncludes bibliographical references (p. 77-84) and index. aEDU 0aTheater audiences. 0aTheater audiencesxPsychology. 0aTheater and society. 0aDramaxHistory and criticism.